Kubilay olayı tarihi (Record no. 3326)

MARC details
000 -BAŞLIK
Sabit Uzunlukta Kontrol Alanı 00814na a2200277 4500
001 - KONTROL NUMARASI
Denetim Alanı 15539
003 - KONTROL NUMARASI IDENTIFIER
Denetim Alanı MIRAKIL
005 - SON İŞLEM TARİHİ VE ZAMANI
Denetim Alanı 20181213154928.0
008 - SABİT-BOY VERİ ELEMANLARI - GENEL BİLGİLER
Sabit Uzunlukta Kontrol Alanı 161019b tu 000 0
020 ## - ULUSLARARASI STANDART KİTAP NUMARASI
Uluslararası Standart Kitap Numarası 9786056441608
035 ## - SİSTEM KONTROL NUMARASI
Sistem Kontrol Numarası 15539
040 ## - KATALOGLAMA KAYNAK
Orijinal Kataloglama Ajansı Milas
Kataloglama Dili tur
Metne Dönüştürmek Ajansı TR-AnCHP
041 ## - DİL KODU
Metin / Ses Parça Veya Ayrı Başlığın Dil Kodu tur
082 ## - DEWEY ONLU SINIFLANDIRMA NUMARASI
Sınıflandırma Numarası 956.1023 Kubilay,M.F.
Ürün Numarası Ö93k 2013
090 ## - SINIFLAMA NUMARASI
Sınıflama Numarası 956.1023 Kubilay,M.F. Ö93k 2013
100 ## - ANA GİRİŞ - KİŞİSEL İSİM
Kişisel Ad Özengin, Oktay
245 ## - BAŞLIK TABLOSU
Başlık Kubilay olayı tarihi
Başlığın Kalan 40 gün
Sorumluluk Tablosu, Vb Oktay Özengin
246 ## - UNVAN FORM VARYING
Başlık Doğru / Kısa Başlığı 40 gün
260 ## - YAYIN, DAĞITIM, VB
Yayın, Dağıtım, Vb Yeri İzmir
Yayıncı, Dağıtıcı, Vs Adı [yay.y.]
Yayın, Dağıtım, Vb Tarihi 2013
Üretici Firma Ata Matbaacılık
300 ## - FİZİKSEL TANIM
Kapsam 352 s.
Diğer Fiziksel Ayrıntıları res.
Boyutlar 24 sm.
600 ## - KONU KATMA GİRİŞ - KURUMSAL ADI
Kişisel Ad Kubilay, Mustafa Fehmi
Bir Adıyla İlişkilendirilen Tarihler 1906 - 1930
650 ## - KONU KATMA GİRİŞ - TOPİKAL DÖNEM
Topikal Süreli Veya Coğrafi Ad Giriş Elemanı Siyasal tarih
Coğrafi Alt Bölümü Türkiye
650 ## - KONU KATMA GİRİŞ - TOPİKAL DÖNEM
Topikal Süreli Veya Coğrafi Ad Giriş Elemanı Yıkıcı faaliyetler
Genel Alt Bölümü Menemen olayı
Coğrafi Alt Bölümü Türkiye
650 ## - KONU KATMA GİRİŞ - TOPİKAL DÖNEM
Topikal Süreli Veya Coğrafi Ad Giriş Elemanı Menemen olayı
Genel Alt Bölümü Tarih
942 ## - EKLENDİ GİRİŞ ELEMANLARI (KOHA)
Sınıflandırma Veya Raf Düzeni Kaynak Dewey Decimal Classification
Koha Öğesi Türü Books
999 ## - SİSTEM KONTROL NUMARALARI (KOHA)
Koha Biblionumber 3326
Koha Biblioitemnumber 3326
Holdings
Kalıcı Konum Mevcut Konum Edinme Tarihi Edinim Kaynak Toplam Check-Out'Lar Tam Çağrı Numarası Barkod Tarih Son Görülme İtibaren Geçerli Fiyatlar Koha Öğesi Türü
CHP Kütüphanesi CHP Kütüphanesi 09/13/2016 Bağış   956.1023 Kubilay,M.F. Ö93k 2013 003495 09/13/2016 09/13/2016 Books
Parti Okulu Kütüphanesi Parti Okulu Kütüphanesi 09/13/2016 Bağış   956.1023 Kubilay,M.F. Ö93k 2013 P00721 09/13/2016 09/13/2016 Books